000
00241nam a2200109Ia 4500
008
200302s9999 xx 000 0 und d
100
_a
Victoria Charles
245
_a
Van Gogh
260
_b
Parkstone Press
260
_c
1997
300
_a
157 P.,
999
_c
1725
_d
1725